Swastha: (Record no. 196757)
[ view plain ]
| 000 -LEADER | |
|---|---|
| fixed length control field | 00724nam a22002057a 4500 |
| 005 - DATE AND TIME OF LATEST TRANSACTION | |
| control field | 20231204143853.0 |
| 010 ## - LCCN (DPL NO) | |
| LC control number | ENG-137582 |
| 020 ## - INTERNATIONAL STANDARD BOOK NUMBER | |
| Terms of availability | 400.00 |
| 035 ## - SYSTEM CONTROL NUMBER | |
| System control number | EN-121114 |
| 037 ## - SOURCE OF ACQUISITION | |
| Stock number | DBAD/PUB |
| 082 ## - DEWEY DECIMAL CLASSIFICATION NUMBER | |
| Classification number | 615.52 |
| 100 ## - MAIN ENTRY--PERSONAL NAME | |
| Personal name | Kulkarni, P.H. |
| 245 ## - TITLE STATEMENT | |
| Title | Swastha: |
| Remainder of title | The Eternal Life/ |
| Statement of responsibility, etc | By P.H. Kulkarni; Mugdha Bothare and Ruturaj Anil Kadam Patil |
| 260 ## - PUBLICATION, DISTRIBUTION, ETC. (IMPRINT) | |
| Place of publication, distribution, etc | Kothrud, Pune |
| Name of publisher, distributor, etc | Deerghayu International |
| Date of publication, distribution, etc | 2016 |
| 270 ## - ADDRESS | |
| Address | 36, Kothrud Gaothan Near Mhatoba Mandir, Bodhi Vruksha, Navgraha Hanuman Mandir Kothrud, Pune - 411038 |
| 300 ## - PHYSICAL DESCRIPTION | |
| Extent | 167p. |
| Dimensions | 21cm(pbk) |
| 700 ## - ADDED ENTRY--PERSONAL NAME | |
| Personal name | Mugdha Bothare |
| Relator term | Author |
| 9 (RLIN) | 59446 |
| 700 ## - ADDED ENTRY--PERSONAL NAME | |
| Personal name | Ruturaj Kadam Patil |
| Relator term | Author |
| 9 (RLIN) | 59447 |
| 942 ## - ADDED ENTRY ELEMENTS (KOHA) | |
| Source of classification or shelving scheme | Dewey Decimal Classification |
| Item type | English Books |
| Classification part | 615.52 |
| Call number suffix | KUL |
| Withdrawn status | Lost status | Not for loan | Collection code | Home library | Current library | Date acquired | Source of acquisition | Cost, normal purchase price | Full call number | Barcode | Copy number | Cost, replacement price | Koha item type |
|---|---|---|---|---|---|---|---|---|---|---|---|---|---|
| Non-fiction | Vinoba Puri | Vinoba Puri | 25/07/2023 | DBAD/PUB | 400.00 | 615.52 KUL | EN-121114 | 1 | 400.00 | English Books |
